State Governments publications in India,1947-1982. (Record no. 535989)

MARC details
000 -LEADER
fixed length control field 00718nam a2200229Ia 4500
003 - CONTROL NUMBER IDENTIFIER
control field OSt
005 - DATE AND TIME OF LATEST TRANSACTION
control field 20220925200253.0
008 - FIXED-LENGTH DATA ELEMENTS--GENERAL INFORMATION
fixed length control field 220923b |||||||| |||| 00| 0 eng d
037 ## - SOURCE OF ACQUISITION
Terms of availability General Book
040 ## - CATALOGING SOURCE
Original cataloging agency RTL
Transcribing agency RTL
Language of cataloging eng
041 ## - LANGUAGE CODE
Source of code eng
Language code of text/sound track or separate title eng
100 ## - MAIN ENTRY--PERSONAL NAME
Personal name SINGH Mohinder
9 (RLIN) 193497
245 #0 - TITLE STATEMENT
Title State Governments publications in India,1947-1982.
260 ## - PUBLICATION, DISTRIBUTION, ETC.
Place of publication, distribution, etc. Delhi
Name of publisher, distributor, etc. Academic
Date of publication, distribution, etc. 1985
300 ## - PHYSICAL DESCRIPTION
Extent 659p
Dimensions cm.
490 ## - SERIES STATEMENT
Series statement (Academic series in Library and Information Science.3).
942 ## - ADDED ENTRY ELEMENTS (KOHA)
Classification part a55,12,N82<-N47, M5.1-M5.2/BB
Koha item type General Books
Source of classification or shelving scheme Colon Classification (CC)

No items available.

Copyright @ Delhi University Library System